TCU Football: Top 10 All-Time Leaders - Statistics

General Stats
  • This quiz has been taken 12 times
  • The average score is 13 of 55
Answer Stats
Category # Player Amount % Correct
Passing Yards 2 Andy Dalton 10,314
100%
Rushing Yards 1 LaDanian Tomlinson 5,263
100%
Passing Yards 3 Max Duggan 9,618
100%
Passing Yards 4 Josh Hoover 9,030
92%
Receiving Yards 9 Quentin Johnston 2,168
83%
Passing Yards 1 Trevone Boykin 10,728
83%
Receiving Yards 1 Josh Doctson 2,785
75%
Receiving Yards 6 Jalen Reagor 2,248
58%
Rushing Yards 3 Andre Davis 3,182
42%
Sacks T2 Jerry Hughes 28.5
42%
Rushing Yards 5 Kenneth Davis 2,994
42%
Passing Yards 6 Kenny Hill 6,360
42%
Tackles 6 Brad Smith 371
25%
Interceptions T2 Davey O'Brien 16
25%
Receiving Yards 3 Josh Boyce 2,535
25%
Sacks 1 Aaron Schobel 31.0
17%
Sacks T2 Bo Schobel 28.5
17%
Passing Yards 7 Casey Pachall 5,415
17%
Passing Yards 10 Jeff Ballard 4,204
17%
Receiving Yards 4 Jimmy Young 2,316
17%
Tackles 4 Lenoy Jones 382
17%
Tackles 2 Reggie Anderson 392
17%
Rushing Yards 6 Basil Mitchell 2,783
8%
Passing Yards 9 Casey Printers 4,621
8%
Sacks 6 Chase Ortiz 20.5
8%
Rushing Yards 8 Curtis Modkins 2,763
8%
Interceptions 7 Darrell Lester 13
8%
Tackles 1 Darrell Patterson 544
8%
Tackles 5 Falanda Newton 374
8%
Interceptions 4 Falanda Newton 15
8%
Tackles 10 Greg Evans 358
8%
Interceptions T5 Greg Evans 14
8%
Receiving Yards 8 James Maness 2,171
8%
Interceptions T5 Jason Goss 14
8%
Tackles 9 Jim Bayuk 361
8%
Interceptions T2 Jimmy Lawrence 16
8%
Rushing Yards 9 Jim Swink 2,618
8%
Sacks 7 Josh Carraway 19.0
8%
Receiving Yards 10 Kelly Blackwell 2,155
8%
Tackles 7 Kelvin Newton 366
8%
Tackles 3 Kent Tramel 391
8%
Tackles 8 Kevin Dean 365
8%
Rushing Yards 4 Lonta Hobbs 3,071
8%
Rushing Yards 10 Matthew Tucker 2,602
8%
Passing Yards 5 Max Knake 7,370
8%
Receiving Yards 2 Mike Renfro 2,739
8%
Rushing Yards 7 Robert Merrill 2,771
8%
Interceptions 1 Ronald Fraley 18
8%
Sacks 8 Roosevelt Collins 18.0
8%
Sacks 5 Royal West 22.0
8%
Receiving Yards 7 Stanley Washington 2,209
8%
Receiving Yards 5 Stephen Shipley 2,251
8%
Passing Yards 8 Steve Stamp 5,123
8%
Sacks 4 Tommy Blake 23.0
8%
Rushing Yards 2 Tony Jeffery 3,749
8%
No matching quizzes found
Score Distribution
Percent of People with Each Score
Percentile by Number Answered
Your Score History
You have not taken this quiz